000 00865nam a2200241Ia 4500
003 GCL
008 140319s9999 xx 000 0 ara d
040 _aGCL /
_cGCL
082 0 4 _a025
_bم د
100 1 _aمحمد فتحى عبدالهادى
245 1 0 _aدراسات فى الضبط الببليوجرافى /
_cمحمد فتحى عبدالهادى
260 _aالقاهرة :
_bالعربى للنشر والتوزيع ،
_c1987
300 _a207 ص ؛
_c24 سم
490 _aدراسات فى الكتب والمعلومات
_v0
650 0 4 _aاختزان واسترجاع المعلومات
650 0 4 _aتصنيف الكتب
650 0 4 _aمراكز المعلومات
650 0 4 _aالضبط الببليوجرافى
650 0 4 _aمراكز التوثيق
650 0 4 _aالتكشيف
650 0 4 _aالمكتبات
942 _2ddc
_cBK
999 _c58754
_d58754